000 01381nam a2200361 i 4500
001 bg
003 KOSZ 005
005 20250624063525.0
008 990506s1982 pl f |000 0 pol
015 _aPB 1984/2610
035 _a(OCoLC)830238133
040 _aWA N
_cKOSZ 005/HR
_dKOSZ 005/HR
041 0 _apol
080 _a669.2.017/.018
080 _a620.1
080 _a629.753
100 1 _aŁunarski, Jerzy
_d(1937- )
_eAutor
245 1 0 _aWłaściwości fizyczne i użytkowe stopów tytanu po procesie nagniatania dynamicznego /
_cJerzy Łunarski.
260 _aRzeszów :
_bPR,
_c1982
_e(Rzesz :
_fPR).
300 _a233 s. ;
_c21 cm.
380 _aKsiążki.
490 1 _aRozprawy / Politechnika Rzeszowska im. Ignacego Łukasiewicza. Prace Własne.
500 _aISSN i numeracja serii gł.: 0208-8096 ; 35.
650 4 _aSamoloty
_xmateriały
_xbadanie.
650 4 _aStopy (metalurg.)
_xtechnologia.
650 4 _aTytan (chem.)
_xbadanie.
658 _aInżynieria i technika
650 4 _aNagniatanie
830 0 _aRozprawy - Politechnika Rzeszowska im. Ignacego Łukasiewicza,
_v35.
830 0 _aRozprawy - Politechnika Rzeszowska im. Ignacego Łukasiewicza.
_pPrace Własne
856 _uhttp://koha.tu.koszalin.pl/cgi-bin/koha/opac-detail.pl?biblionumber=20544
_yKatalog online BPK
942 _2UKD
_cKS
999 _c20544
_d20544